| 000 | 00327nam a22001217a 4500 | ||
|---|---|---|---|
| 008 | 230609b xxu||||| |||| 00| 0 eng d | ||
| 082 |
_a354.676 _bGOK |
||
| 245 |
_a2008/2009 Estimates of Recurrent Expenditure _bVotes (R20- R60) |
||
| 260 |
_aNairobi,Kenya _bGOK _cJune,2008 |
||
| 300 | _aIX,1490p | ||
| 440 | _vII | ||
| 942 |
_2ddc _cBK |
||
| 999 |
_c935 _d935 |
||